Electric machinery and transformers (Record no. 440)

000 -LEADER
fixed length control field 00469nam a2200193 4500
001 - CONTROL NUMBER
control field 440
003 - CONTROL NUMBER IDENTIFIER
control field BD-DhUET
008 - FIXED-LENGTH DATA ELEMENTS--GENERAL INFORMATION
fixed length control field 140721b xxu||||| |||| 00| 0 eng d
020 ## - INTERNATIONAL STANDARD BOOK NUMBER
International Standard Book Number 81203007755
040 ## - CATALOGING SOURCE
Transcribing agency 0
Modifying agency BD-DhUET
082 ## - DEWEY DECIMAL CLASSIFICATION NUMBER
Classification number 623.1042
Item number KOS/1991
100 ## - MAIN ENTRY--PERSONAL NAME
Personal name Kosow, Irving L.
245 ## - TITLE STATEMENT
Title Electric machinery and transformers
250 ## - EDITION STATEMENT
Edition statement 2nd ed.
260 ## - PUBLICATION, DISTRIBUTION, ETC. (IMPRINT)
Place of publication, distribution, etc. New Delhi
Name of publisher, distributor, etc. Prentice-Hall
Date of publication, distribution, etc. 1991
300 ## - PHYSICAL DESCRIPTION
Extent xiv,626p.
650 #0 - SUBJECT ADDED ENTRY--TOPICAL TERM
Topical term or geographic name as entry element Electric machinery
942 ## - ADDED ENTRY ELEMENTS (KOHA)
Koha item type General Book
Holdings
Price effective from Lost status Copy number Withdrawn status Source of classification or shelving scheme Piece designation (barcode) Damaged status Not for loan Sublocation or collection (holding branch) Koha date last borrowed Date acquired Koha normalized classification for sorting Koha full call number Koha item type Location (home branch) Koha date last seen Shelving location Koha issues (times borrowed)
2014-07-21 1  103680  Central Library, BUET 2014-07-21623_104200000000000_KOS_1991623.1042/KOS/1991General BookCentral Library, BUET2014-07-21Circulation section 
2014-07-21 2  103681  Central Library, BUET 2014-07-21623_104200000000000_KOS_1991623.1042/KOS/1991General BookCentral Library, BUET2016-12-07Circulation section 
2014-07-21 3  103682  Central Library, BUET2021-12-052014-07-21623_104200000000000_KOS_1991623.1042/KOS/1991General BookCentral Library, BUET2021-12-15Circulation section1
2014-07-21 4  103683  Central Library, BUET 2014-07-21623_104200000000000_KOS_1991623.1042/KOS/1991General BookCentral Library, BUET2014-07-21Circulation section 
2014-07-21 5  103684  Central Library, BUET 2014-07-21623_000000000000000_1042KOS199623.1042/KOS/1991General BookCentral Library, BUET2014-07-21Circulation section 
2014-07-21 6  103685  Central Library, BUET 2014-07-21623_104200000000000_KOS_1991623.1042/KOS/1991General BookCentral Library, BUET2014-07-21Circulation section 
2014-07-21 7  103686  Central Library, BUET 2014-07-21623_104200000000000_KOS_1991623.1042/KOS/1991General BookCentral Library, BUET2014-07-21Circulation section 
2014-07-21 8  103688  Central Library, BUET 2014-07-21623_000000000000000_1042KOS199623.1042/KOS/1991General BookCentral Library, BUET2016-11-29Circulation section 
2014-07-21 9  103689  Central Library, BUET 2014-07-21623_104200000000000_KOS_1991623.1042/KOS/1991General BookCentral Library, BUET2017-03-11Circulation section